00631nam a2200193Ia 4500008004100000020001500041082001600056100002500072245005800097250000800155260003600163300002400199500001900223600002700242650001500269942000700284952013100291999001500422240925s9999 xx 000 0 und d a8120325036 a621.317 RAS aRashid, Muhammad H. 0aPower Electronics: circuits, devices and applications a3rd aLondon:bPrentice, Hallc,2004. a998p.bNAfOriginal aIncludes Index aElectronic Engineering aTechnology cBK 001040708ELaUITUbUITUd2004-06-08eRoyal Book Companyg348.75l0o621.317 RASpQ5657r2024-09-25 07:13:55w2024-09-25yBK c8156d8156